Lotus illustrated dictionary of agriculture / (Record no. 132545)

MARC details
000 -LEADER
fixed length control field 00638nam a22002057a 4500
005 - DATE AND TIME OF LATEST TRANSACTION
control field 20170124110156.0
010 ## - LIBRARY OF CONGRESS CONTROL NUMBER
LC control number B-161890
020 ## - INTERNATIONAL STANDARD BOOK NUMBER
International Standard Book Number 9788189093099
Terms of availability 95.00
035 ## - SYSTEM CONTROL NUMBER
System control number B-161890
037 ## - SOURCE OF ACQUISITION
Source of stock number/acquisition Cen Lib/Ret
040 ## - CATALOGING SOURCE
Original cataloging agency DPL
Language of cataloging EN
082 ## - DEWEY DECIMAL CLASSIFICATION NUMBER
Classification number 630
Item number LOT
245 ## - TITLE STATEMENT
Title Lotus illustrated dictionary of agriculture /
Statement of responsibility, etc edited by Charlie Hamington
260 ## - PUBLICATION, DISTRIBUTION, ETC. (IMPRINT)
Place of publication, distribution, etc New Delhi
Name of publisher, distributor, etc Lotus Press
Date of publication, distribution, etc 2004
270 ## - ADDRESS
Address 4263/3, Ansari Road Darya Ganj
City New Delhi
Postal code 110002
300 ## - PHYSICAL DESCRIPTION
Extent 264p. :
Dimensions 21cm(pbk)
Other physical details ill.
650 ## - SUBJECT ADDED ENTRY--TOPICAL TERM
Topical term or geographic name as entry element Agriculture
Form subdivision Dictionary
9 (RLIN) 35048
700 ## - ADDED ENTRY--PERSONAL NAME
Personal name Hamington,Charlie
9 (RLIN) 35040
942 ## - ADDED ENTRY ELEMENTS (KOHA)
Source of classification or shelving scheme Dewey Decimal Classification
Koha item type English Books
Classification part 630
Call number suffix LOT
Holdings
Withdrawn status Lost status Damaged status Not for loan Home library Current library Date acquired Source of acquisition Cost, normal purchase price Total Checkouts Full call number Barcode Date last seen Date checked out Copy number Cost, replacement price Price effective from Koha item type
        Central Library Central Library 23/07/2015 Cen Lib/Ret 95.00 1 630 LOT B-161890 07/12/2021 04/12/2021 1 95.00 23/07/2015 English Books

© Delhi Public Library
Hit Counter
free hit counter